[Event "Toronto op"]
[Site "Toronto CAN"]
[Date "2010.04.03"]
[Round "4.10"]
[White "Bluvshtein, Ilia"]
[Black "Peev, Pavel"]
[Result "1-0"]
[WhiteElo "2216"]
[BlackElo "2092"]
[PlyCount "97"]
[EventDate "2010.04.02"]
[EventType "swiss"]
[EventRounds "6"]
[EventCountry "CAN"]

1. e4 c5 2. Nf3 d6 3. d4 cxd4 4. Nxd4 Nf6 5. Nc3 g6 6. Be3 Bg7 7. Bc4 O-O 8. f3
Nc6 9. Qd2 Bd7 10. h4 Rc8 11. Bb3 h5 12. O-O-O Ne5 13. g4 Nc4 14. Bxc4 Rxc4 15.
g5 Ne8 16. Kb1 Nc7 17. Qd3 Rb4 18. Nb3 Be6 19. a3 Rc4 20. Na5 Rxc3 21. bxc3 Qd7
22. Bd4 Bxd4 23. cxd4 Qa4 24. d5 Qxa5 25. dxe6 Nxe6 26. c4 Nc5 27. Qe3 Na4 28.
Rc1 Rc8 29. Rh2 Rc6 30. f4 Rb6+ 31. Ka2 Rc6 32. Rhc2 e6 33. Qd4 Qc7 34. f5 e5
35. Qf2 Nc5 36. Qf3 Rb6 37. fxg6 fxg6 38. Rf1 Qg7 39. Rcf2 Ne6 40. Qf6 Nf4 41.
Qd8+ Kh7 42. Rd1 Qf7 43. Rc2 Qe6 44. Qc7+ Kg8 45. Qb8+ Kg7 46. Qxa7 d5 47. cxd5
Qd6 48. Qa5 Ra6 49. Qc5 1-0

[Event "Toronto op"]
[Site "Toronto CAN"]
[Date "2010.04.04"]
[Round "5.5"]
[White "Humphreys, Michael"]
[Black "Puri, Vinny"]
[Result "0-1"]
[WhiteElo "2184"]
[BlackElo "2306"]
[PlyCount "60"]
[EventDate "2010.04.02"]
[EventType "swiss"]
[EventRounds "6"]
[EventCountry "CAN"]

1. d4 Nf6 2. c4 g6 3. Nc3 Bg7 4. e4 d6 5. Nf3 O-O 6. Be2 e5 7. O-O Na6 8. d5
Nc5 9. Qc2 a5 10. Bg5 h6 11. Be3 Ne8 12. Nd2 f5 13. f3 f4 14. Bf2 Qg5 15. Kh1
Nf6 16. Rfb1 Qh5 17. b3 g5 18. a3 g4 19. b4 g3 20. Bg1 axb4 21. axb4 Rxa1 22.
Rxa1 Na6 23. Qb2 Qh4 24. Bf1 gxh2 25. Bxh2 Nh5 26. Kg1 Ng3 27. Nd1 Rf5 28. exf5
e4 29. fxe4 Bxb2 30. Nxb2 Qf6 0-1

[Event "Toronto op"]
[Site "Toronto CAN"]
[Date "2010.04.04"]
[Round "5.6"]
[White "Plotkin, Victor"]
[Black "Bluvshtein, Ilia"]
[Result "1-0"]
[WhiteElo "2364"]
[BlackElo "2216"]
[PlyCount "45"]
[EventDate "2010.04.02"]
[EventType "swiss"]
[EventRounds "6"]
[EventCountry "CAN"]

1. e4 e5 2. Nf3 Nc6 3. Nc3 Nf6 4. Bb5 Bb4 5. O-O O-O 6. d3 d6 7. Bg5 Bxc3 8.
bxc3 Ne7 9. Nh4 Ng6 10. Nxg6 hxg6 11. f4 c6 12. Ba4 b5 13. Bb3 a5 14. a4 Qb6+
15. Kh1 Ng4 16. Qf3 bxa4 17. Rxa4 exf4 18. Bxf4 Qc7 19. Qg3 Rd8 20. Bxd6 Qxd6
21. Rd4 Qe7 22. Rxf7 Qg5 23. Rf5+ 1-0

[Event "Toronto op"]
[Site "Toronto CAN"]
[Date "2010.04.04"]
[Round "5.7"]
[White "Itkin, David"]
[Black "Martchenko, Alexander"]
[Result "1-0"]
[WhiteElo "1845"]
[BlackElo "2354"]
[PlyCount "93"]
[EventDate "2010.04.02"]
[EventType "swiss"]
[EventRounds "6"]
[EventCountry "CAN"]

1. e4 c6 2. d4 d5 3. Nd2 dxe4 4. Nxe4 Nf6 5. Nxf6+ gxf6 6. Be3 Bf5 7. Nf3 Nd7
8. Bc4 e6 9. Qe2 Bd6 10. O-O-O Qe7 11. Rhe1 Bg6 12. Bb3 a5 13. a4 b5 14. d5
cxd5 15. Nd4 Be5 16. f4 Bxd4 17. Bxd4 Rc8 18. Qxb5 O-O 19. Qxd5 Rfd8 20. Qf3
Nc5 21. Bxc5 Qxc5 22. Rxd8+ Rxd8 23. Qe3 Qf5 24. h3 h5 25. Rd1 Rc8 26. Rd2 Kg7
27. Qd4 Rb8 28. Bc4 Rb4 29. b3 e5 30. fxe5 fxe5 31. Qc5 Rb7 32. Qxa5 Qf4 33.
Qc3 Re7 34. Kb2 Kh7 35. Rd8 Qg5 36. g3 h4 37. g4 Qf4 38. Qd2 Qf6 39. Rd6 Qf4
40. Qxf4 exf4 41. Rf6 Re3 42. Rxf4 Rxh3 43. Bxf7 Rg3 44. Bxg6+ Kxg6 45. a5 h3
46. Rf1 Rxg4 47. Rh1 1-0

[Event "Toronto op"]
[Site "Toronto CAN"]
[Date "2010.04.04"]
[Round "5.8"]
[White "Kryvoruchko, Yuriy"]
[Black "Henry, Liam"]
[Result "0-1"]
[WhiteElo "2161"]
[BlackElo "2287"]
[PlyCount "82"]
[EventDate "2010.04.02"]
[EventType "swiss"]
[EventRounds "6"]
[EventCountry "CAN"]

1. e4 c5 2. Nf3 d6 3. d4 cxd4 4. Nxd4 Nf6 5. Nc3 a6 6. Be3 e5 7. Nb3 Be6 8. f3
Nbd7 9. Qd2 b5 10. g4 Nb6 11. g5 Nfd7 12. Nd5 Bxd5 13. exd5 Qc7 14. O-O-O Rc8
15. Kb1 Be7 16. h4 O-O 17. h5 f5 18. gxf6 Nxf6 19. Bxb6 Qxb6 20. Bh3 Rc4 21.
Qe2 Kh8 22. c3 Nxh5 23. Bg4 Rxg4 24. Rxh5 Rh4 25. Rxh4 Bxh4 26. Nd2 Be7 27. Ne4
Qb7 28. b3 Qc8 29. c4 bxc4 30. bxc4 Qf5 31. Rd3 h5 32. Kc2 h4 33. Qg2 Kg8 34.
Kd1 h3 35. Qh1 Qh5 36. Ke2 Rf4 37. Kf1 h2 38. Rb3 Kh7 39. Re3 g5 40. Ng3 Qh3+
41. Qg2 Qxg3 0-1

[Event "Toronto op"]
[Site "Toronto CAN"]
[Date "2010.04.04"]
[Round "5.9"]
[White "Filipovich, David"]
[Black "Ibrahim, Ismail"]
[Result "1-0"]
[WhiteElo "2214"]
[BlackElo "2052"]
[PlyCount "85"]
[EventDate "2010.04.02"]
[EventType "swiss"]
[EventRounds "6"]
[EventCountry "CAN"]

1. Nf3 Nf6 2. g3 d5 3. Bg2 Bf5 4. c4 c6 5. cxd5 cxd5 6. Qb3 Bc8 7. Nc3 e6 8. d4
Be7 9. Bf4 O-O 10. Ne5 a6 11. O-O Nc6 12. Nxc6 bxc6 13. Rac1 Nd7 14. Na4 g5 15.
Bd2 Rb8 16. Qd3 Bb7 17. e4 f6 18. exd5 exd5 19. Bh3 Kg7 20. Rfe1 Re8 21. b3 Nf8
22. f4 h6 23. Bg4 Bd6 24. fxg5 hxg5 25. Bf5 Qc7 26. Nc5 Bxc5 27. dxc5 Qf7 28.
Qd4 Rxe1+ 29. Rxe1 Re8 30. Rxe8 Qxe8 31. Bc3 Qe7 32. h4 gxh4 33. gxh4 Nh7 34.
Kf2 Qc7 35. Qg4+ Kh8 36. Qh5 Qh2+ 37. Kf1 Qh1+ 38. Ke2 Qg2+ 39. Kd3 Qg3+ 40.
Kc2 Qf2+ 41. Kb1 Qg1+ 42. Kb2 Qf2+ 43. Bc2 1-0

[Event "Toronto op"]
[Site "Toronto CAN"]
[Date "2010.04.04"]
[Round "6"]
[White "Henry, Liam"]
[Black "Filipovich, David"]
[Result "1/2-1/2"]
[WhiteElo "2287"]
[BlackElo "2214"]
[PlyCount "56"]
[EventDate "2010.04.02"]
[EventType "swiss"]
[EventRounds "6"]
[EventCountry "CAN"]

1. e4 c6 2. d4 d5 3. Nc3 dxe4 4. Nxe4 Nf6 5. Nxf6+ gxf6 6. c3 Bf5 7. Nf3 Nd7 8.
g3 Qa5 9. Bg2 Qb5 10. Bf1 Qd5 11. Bg2 Qc4 12. Bf1 Qe6+ 13. Be3 Bh6 14. Qe2 Bxe3
15. fxe3 Be4 16. Bg2 h5 17. O-O O-O-O 18. Nh4 Bxg2 19. Kxg2 Rdg8 20. Rf4 Nf8
21. Qf3 Ng6 22. Re4 Nxh4+ 23. Rxh4 Rg4 24. Rxg4 hxg4 25. Qf4 Qd5+ 26. e4 Qh5
27. Qf5+ Qxf5 28. exf5 Kd7 1/2-1/2

[Event "Toronto op"]
[Site "Toronto CAN"]
[Date "2010.04.04"]
[Round "6.5"]
[White "Plotkin, Victor"]
[Black "Itkin, David"]
[Result "1-0"]
[WhiteElo "2364"]
[BlackElo "1845"]
[PlyCount "49"]
[EventDate "2010.04.02"]
[EventType "swiss"]
[EventRounds "6"]
[EventCountry "CAN"]

1. e4 c5 2. c3 d5 3. exd5 Qxd5 4. d4 Nc6 5. Nf3 Bg4 6. dxc5 Qxd1+ 7. Kxd1 e5 8.
Be3 e4 9. h3 Bxf3+ 10. gxf3 exf3 11. Nd2 O-O-O 12. Kc2 Rd5 13. Bc4 Rf5 14. b4
Ne5 15. Bb3 Nf6 16. Rhe1 g6 17. Nc4 Nxc4 18. Bxc4 Nd7 19. Bd4 Rg8 20. Re8+ Kc7
21. Rae1 b6 22. cxb6+ Nxb6 23. Bxb6+ axb6 24. Ra8 b5 25. Bf1 1-0

[Event "Toronto op U1600"]
[Site "Toronto CAN"]
[Date "2010.04.04"]
[Round "5"]
[White "Liu, Jiaxin (Dora)"]
[Black "Giblon, Andrew"]
[Result "1-0"]
[WhiteElo "1266"]
[BlackElo "1403"]
[PlyCount "56"]
[EventDate "2010.04.02"]
[EventType "swiss"]
[EventRounds "6"]
[EventCountry "CAN"]

1. e4 c5 2. Nf3 Nc6 3. d4 cxd4 4. Nxd4 g6 5. Nc3 Bg7 6. Be3 Nf6 7. Be2 O-O 8.
O-O d5 9. Nxc6 bxc6 10. f3 e6 11. e5 Nd7 12. f4 Qc7 13. Qe1 a5 14. Qg3 Ba6 15.
h4 Bxe2 16. Nxe2 Rab8 17. Rab1 f6 18. Qh3 Rbe8 19. Nd4 Kf7 20. exf6 Nxf6 21.
Nf3 Kg8 22. Ng5 Qd7 23. Bc5 h6 24. Bxf8 Kxf8 25. Nf3 Ne4 26. Kh2 Qe7 27. Qg4
Qf6 28. Ne5 Nd2 1-0

[Event "Toronto op U2000"]
[Site "Toronto CAN"]
[Date "2010.04.02"]
[Round "1"]
[White "Song, Michael"]
[Black "Armstrong, Robert J"]
[Result "1-0"]
[WhiteElo "1858"]
[BlackElo "1736"]
[PlyCount "81"]
[EventDate "2010.04.02"]
[EventType "swiss"]
[EventRounds "6"]
[EventCountry "CAN"]

1. e4 g6 2. d4 Bg7 3. Nc3 d6 4. Be3 Nf6 5. Qd2 Ng4 6. Bg5 h6 7. Bh4 O-O 8. f3
Nf6 9. O-O-O c6 10. g4 b5 11. g5 hxg5 12. Bxg5 Qa5 13. Kb1 b4 14. Nce2 Be6 15.
Nc1 Qb6 16. Bh3 Bxh3 17. Nxh3 a5 18. Bh6 a4 19. Bxg7 Kxg7 20. Nf4 Nbd7 21. h4
b3 22. cxb3 axb3 23. a3 c5 24. h5 Rg8 25. Rdg1 cxd4 26. hxg6 fxg6 27. Ne6+ Kf7
28. Nxd4 Nc5 29. Nde2 Na4 30. Nd3 Rac8 31. Rc1 Rxc1+ 32. Rxc1 Rh8 33. e5 Nd5
34. Ndf4 Ne3 35. Nd5 Nxd5 36. Qxd5+ Kg7 37. Qe6 Qb7 38. Nf4 Rh6 39. Rg1 Qxf3
40. Qxe7+ Kg8 41. Qe8+ 1-0

[Event "Toronto op U2000"]
[Site "Toronto CAN"]
[Date "2010.04.03"]
[Round "3"]
[White "Armstrong, Robert J"]
[Black "Song, Terry"]
[Result "1/2-1/2"]
[WhiteElo "1736"]
[BlackElo "1813"]
[PlyCount "27"]
[EventDate "2010.04.02"]
[EventType "swiss"]
[EventRounds "6"]
[EventCountry "CAN"]

1. d4 e6 2. c4 Nf6 3. Nf3 b6 4. e3 Bb7 5. Bd3 Bb4+ 6. Bd2 Bxd2+ 7. Nbxd2 O-O 8.
O-O e5 9. Qc2 h6 10. Ne4 Nxe4 11. Bxe4 Bxe4 12. Qxe4 Qg5 13. g3 b5 14. Kg2
1/2-1/2

[Event "Toronto op U2000"]
[Site "Toronto CAN"]
[Date "2010.04.04"]
[Round "5"]
[White "Posaratnanathan, Juliaan"]
[Black "Armstrong, Robert J"]
[Result "1/2-1/2"]
[WhiteElo "1680"]
[BlackElo "1736"]
[PlyCount "64"]
[EventDate "2010.04.02"]
[EventType "swiss"]
[EventRounds "6"]
[EventCountry "CAN"]

1. d4 Nf6 2. c4 e6 3. Nf3 b6 4. e3 Bb7 5. Bd3 Be7 6. O-O O-O 7. Nc3 c5 8. b3 d5
9. Bb2 Nbd7 10. Rc1 Rc8 11. cxd5 Nxd5 12. Nxd5 Bxd5 13. e4 Bb7 14. e5 h6 15.
Qe2 cxd4 16. Nxd4 Nc5 17. Bc4 a6 18. b4 Na4 19. Nxe6 fxe6 20. Bxe6+ Kh8 21.
Bxc8 Bxc8 22. a3 Nxb2 23. Qxb2 Be6 24. f4 Qd7 25. Qf2 Qb7 26. Rc3 b5 27. Re1
Bd8 28. Kh1 Bb6 29. Qg3 a5 30. Rd3 axb4 31. axb4 Bd5 32. h3 Be6 1/2-1/2

[Event "Toronto op U2000"]
[Site "Toronto CAN"]
[Date "2010.04.04"]
[Round "6"]
[White "Chernik, Dmitry"]
[Black "Armstrong, Robert J"]
[Result "1-0"]
[WhiteElo "1853"]
[BlackElo "1736"]
[PlyCount "95"]
[EventDate "2010.04.02"]
[EventType "swiss"]
[EventRounds "6"]
[EventCountry "CAN"]

1. e4 g6 2. d4 Bg7 3. Nf3 d6 4. Bc4 Nf6 5. Nc3 Nxe4 6. Bxf7+ Kxf7 7. Nxe4 Re8
8. O-O Kg8 9. Bg5 Nd7 10. a4 Nf6 11. Re1 c6 12. Qd2 Bg4 13. Ra3 Qc7 14. h3 Nxe4
15. Rxe4 Bxf3 16. Rxf3 e5 17. Bf6 d5 18. Rxe5 Bxf6 19. Rxe8+ Rxe8 20. Rxf6 Qe7
21. Qf4 Kg7 22. Rd6 Qe1+ 23. Kh2 Qe7 24. Kg3 g5 25. Qe5+ Qxe5+ 26. dxe5 Rxe5
27. Rd7+ Kg6 28. Rxb7 Re2 29. c3 a5 30. Rb6 Kg7 31. Rxc6 Rxb2 32. Rc5 Rc2 33.
Rxd5 Rxc3+ 34. f3 Kf6 35. Rxa5 Ra3 36. Kg4 Ra2 37. g3 Ra3 38. Rf5+ Ke6 39. Ra5
Kf6 40. Ra6+ Kg7 41. Kxg5 Rxf3 42. Ra7+ Kg8 43. Kg4 Ra3 44. h4 h5+ 45. Kf4 Ra1
46. Ra5 Ra3 47. Rg5+ Kf8 48. a5 1-0

[Event "Toronto-ch U20"]
[Site "Toronto CAN"]
[Date "2010.11.21"]
[Round "2"]
[White "Song, Michael"]
[Black "Gusev, Nikita"]
[Result "1/2-1/2"]
[WhiteElo "2175"]
[BlackElo "2260"]
[PlyCount "55"]
[EventDate "2010.11.14"]
[EventType "tourn"]
[EventRounds "5"]
[EventCountry "CAN"]

1. d4 Nf6 2. Nf3 e6 3. Bg5 Be7 4. Nbd2 d5 5. e3 Nbd7 6. Bd3 c5 7. c3 h6 8. Bh4
Qb6 9. Qc2 c4 10. Be2 Qc6 11. a4 a6 12. Ne5 Nxe5 13. dxe5 Ng8 14. Bg3 Bc5 15.
O-O Ne7 16. Nf3 O-O 17. Nd4 Qc7 18. f4 Bd7 19. Bf2 f6 20. Bg4 f5 21. Bf3 b5 22.
axb5 axb5 23. Rxa8 Rxa8 24. g4 Bxd4 25. exd4 Rf8 26. Bh4 Ng6 27. Bg3 Ne7 28.
Bh4 1/2-1/2

[Event "Toronto-ch U20"]
[Site "Toronto CAN"]
[Date "2010.11.21"]
[Round "2"]
[White "Wang, Jesse BJ"]
[Black "Sapozhnikov, Roman"]
[Result "0-1"]
[WhiteElo "2060"]
[BlackElo "2399"]
[PlyCount "53"]
[EventDate "2010.11.14"]
[EventType "tourn"]
[EventRounds "5"]
[EventCountry "CAN"]

1. e4 c5 2. Nc3 e6 3. g3 d5 4. exd5 exd5 5. d3 Nf6 6. Bg2 d4 7. Ne4 Nxe4 8.
Bxe4 Bd6 9. Ne2 Nd7 10. O-O O-O 11. Nf4 Nf6 12. Bf3 Rb8 13. Kg2 b5 14. g4 Bb7
15. Bxb7 Bxf4 16. Bxf4 Rxb7 17. Qf3 Rb6 18. Rfe1 Nxg4 19. h3 Nf6 20. Re5 Nd7
21. Rd5 Qe7 22. b4 cxb4 23. Rxd4 Rg6+ 24. Bg3 Ne5 25. Qe4 Qf6 26. Rf1 h5 27.
Kh1 0-1

[Event "Toronto-ch U20"]
[Site "Toronto CAN"]
[Date "2010.11.21"]
[Round "3"]
[White "Gusev, Nikita"]
[Black "Wang, Jesse BJ"]
[Result "1-0"]
[WhiteElo "2260"]
[BlackElo "2060"]
[PlyCount "119"]
[EventDate "2010.11.14"]
[EventType "tourn"]
[EventRounds "5"]
[EventCountry "CAN"]

1. e4 c5 2. Nf3 d6 3. d4 cxd4 4. Nxd4 Nf6 5. Nc3 e6 6. Be2 Nc6 7. O-O a6 8. Be3
Be7 9. f4 Qc7 10. a4 Bd7 11. Nb3 Na5 12. Nd2 O-O 13. Kh1 b5 14. axb5 axb5 15.
Nxb5 Qb7 16. Nc3 Qxb2 17. Na4 Bxa4 18. Rxa4 Qb7 19. Bf3 e5 20. Qa1 Nc6 21. Rb1
Rxa4 22. Qxa4 Qa8 23. Ra1 Qxa4 24. Rxa4 Nd7 25. Rc4 exf4 26. Bxf4 Nde5 27. Ra4
Rb8 28. Nb3 g5 29. Bd2 Nxf3 30. gxf3 Ne5 31. Kg2 Rc8 32. Nd4 g4 33. f4 Nf3 34.
Nxf3 gxf3+ 35. Kxf3 Rxc2 36. Rd4 Kg7 37. Rd5 Kg6 38. h3 Rc6 39. Be3 Rc2 40. f5+
Kg7 41. Bd4+ f6 42. Bf2 Rc3+ 43. Kg2 Rc4 44. Kf3 Rc3+ 45. Be3 Rc2 46. Bd2 Rc4
47. Ra5 Rc6 48. Ra7 Kf8 49. Ra8+ Kg7 50. Ra7 Kf8 51. h4 Rc2 52. Bh6+ Kf7 53.
Bf4 Rc3+ 54. Kg4 Ke8 55. h5 Rc4 56. Kf3 Rc3+ 57. Ke2 h6 58. Ra8+ Kf7 59. Rh8
Rh3 60. Rh7+ 1-0

[Event "Toronto-ch U20"]
[Site "Toronto CAN"]
[Date "2010.12.07"]
[Round "4"]
[White "Song, Michael"]
[Black "Sapozhnikov, Roman"]
[Result "0-1"]
[WhiteElo "2175"]
[BlackElo "2399"]
[PlyCount "100"]
[EventDate "2010.11.14"]
[EventType "tourn"]
[EventRounds "5"]
[EventCountry "CAN"]

1. c4 Nf6 2. Nc3 g6 3. d4 Bg7 4. e4 d6 5. Nf3 O-O 6. Be2 Nbd7 7. O-O e5 8. Re1
exd4 9. Nxd4 Re8 10. f3 c6 11. Nc2 Ne5 12. Kh1 Be6 13. Ne3 h5 14. Rf1 Bh6 15.
f4 Neg4 16. h3 Nxe3 17. Bxe3 Nxe4 18. Nxe4 Bxh3 19. gxh3 Rxe4 20. Bd2 Qh4 21.
Rf3 Bxf4 22. Bd3 Bxd2 23. Qxd2 Re6 24. Raf1 Rae8 25. Qg2 Qd4 26. Qg3 R8e7 27.
Bf5 Rf6 28. Qg5 Qxb2 29. R3f2 Qe5 30. Rg2 Qc3 31. Rfg1 Re1 32. Bd7 Rxg1+ 33.
Kxg1 Qe1+ 34. Kh2 Rf1 35. Rg1 Rxg1 36. Qxg1 Qe7 37. Bc8 Qe2+ 38. Kh1 Qxa2 39.
Bxb7 Qxc4 40. Qxa7 Qf1+ 41. Kh2 Qf4+ 42. Kg2 c5 43. Qa8+ Kg7 44. Qa2 c4 45. Qc2
Qd4 46. Bf3 h4 47. Be2 d5 48. Bf1 Qe5 49. Kh1 f5 50. Qf2 c3 0-1

[Event "Toronto-ch U20"]
[Site "Toronto CAN"]
[Date "2010.12.07"]
[Round "4"]
[White "Wang, Jesse BJ"]
[Black "Florea, Alexandru"]
[Result "1-0"]
[WhiteElo "2060"]
[BlackElo "2094"]
[PlyCount "83"]
[EventDate "2010.11.14"]
[EventType "tourn"]
[EventRounds "5"]
[EventCountry "CAN"]

1. e4 c5 2. Nc3 Nc6 3. Bb5 Nd4 4. Bc4 e6 5. Nge2 Ne7 6. Nxd4 cxd4 7. Ne2 Nc6 8.
d3 b5 9. Bb3 Qb6 10. a3 Bb7 11. O-O Be7 12. f4 Na5 13. Ba2 g6 14. f5 gxf5 15.
b4 Nc6 16. exf5 Rg8 17. fxe6 dxe6 18. Ng3 Ne5 19. Qh5 Qc6 20. Rf2 Qc3 21. Rb1
Rxg3 22. Qxe5 Rg6 23. Bc4 Bxg2 24. Bb2 Bd5+ 25. Kf1 bxc4 26. Bxc3 dxc3 27. Qxc3
cxd3 28. cxd3 Bh4 29. Qh8+ Ke7 30. Rxf7+ Kxf7 31. Qxh7+ Rg7 32. Qxh4 Rag8 33.
Ke2 Rg2+ 34. Ke3 R8g4 35. Rf1+ Ke8 36. Qh5+ Kd7 37. Qf7+ Kc6 38. Rc1+ Kb5 39.
Qd7+ Kb6 40. Qd6+ Kb5 41. Qd7+ Kb6 42. Rc5 1-0

[Event "Toronto-ch U20"]
[Site "Toronto CAN"]
[Date "2010.12.12"]
[Round "5"]
[White "Florea, Alexandru"]
[Black "Song, Michael"]
[Result "0-1"]
[WhiteElo "2094"]
[BlackElo "2175"]
[PlyCount "110"]
[EventDate "2010.11.14"]
[EventType "tourn"]
[EventRounds "5"]
[EventCountry "CAN"]

1. e4 e5 2. Nf3 Nc6 3. Bc4 Nf6 4. Ng5 d5 5. exd5 b5 6. Bf1 Nd4 7. c3 Nxd5 8.
Ne4 Qh4 9. Ng3 Bg4 10. f3 Nf5 11. Qe2 Bd6 12. fxg4 Nxg3 13. Qf2 e4 14. Bxb5+
Ke7 15. Rf1 Raf8 16. d3 f5 17. hxg3 Bxg3 18. Bg5+ Qxg5 19. Qxg3 Qc1+ 20. Ke2
Qxb2+ 21. Ke1 Qxb5 22. Qe5+ Kd8 23. c4 Qa5+ 24. Nd2 e3 25. Qxd5+ Qxd5 26. cxd5
exd2+ 27. Kxd2 fxg4 28. Ke3 Kd7 29. Rf4 Re8+ 30. Kd4 h5 31. Rc1 Rhf8 32. Rcf1
Rxf4+ 33. Rxf4 Re2 34. Rf7+ Kd8 35. Rxg7 Rxg2 36. Kc5 Rc2+ 37. Kd4 Rxa2 38.
Rg8+ Kd7 39. Rg7+ Kc8 40. Rg8+ Kb7 41. Rg7 Ra6 42. Ke5 Rh6 43. d4 h4 44. d6
Rxd6 45. Rxg4 Rh6 46. Rg2 h3 47. Rh2 a5 48. Kd5 Kb6 49. Kc4 Rh4 50. Kd5 a4 51.
Kc4 c5 52. Kc3 cxd4+ 53. Kd3 Kc5 54. Rc2+ Kd5 55. Rh2 Re4 0-1

[Event "Toronto-ch seniors"]
[Site "Toronto CAN"]
[Date "2010.10.26"]
[Round "1"]
[White "Kormendi, Fred"]
[Black "Pishdad, Hassan"]
[Result "1-0"]
[WhiteElo "1537"]
[BlackElo "1228"]
[PlyCount "55"]
[EventDate "2010.10.26"]
[EventType "tourn"]
[EventRounds "7"]
[EventCountry "CAN"]

1. e4 c5 2. Nf3 e6 3. Nc3 Nc6 4. d4 cxd4 5. Nxd4 Bb4 6. Nxc6 bxc6 7. Bd2 Ne7 8.
Bd3 O-O 9. O-O Qc7 10. a3 Bd6 11. g3 Ng6 12. Ne2 Be5 13. Rb1 d5 14. c3 Bd6 15.
b4 Ne5 16. Nc1 Nxd3 17. Nxd3 dxe4 18. Nc5 Bxc5 19. bxc5 Ba6 20. Re1 Bd3 21. Rb4
Qe5 22. Qg4 f5 23. Qg5 Qxc5 24. Rb7 g6 25. Be3 Qxa3 26. Bd4 a6 27. Rg7+ Kh8 28.
Rxg6+ 1-0

[Event "Toronto-ch seniors"]
[Site "Toronto CAN"]
[Date "2010.10.26"]
[Round "1"]
[White "Kornmann, Maxim"]
[Black "Bellomo, Joe"]
[Result "1/2-1/2"]
[WhiteElo "1746"]
[BlackElo "1700"]
[PlyCount "99"]
[EventDate "2010.10.26"]
[EventType "tourn"]
[EventRounds "7"]
[EventCountry "CAN"]

1. e4 c5 2. Nf3 d6 3. Na3 Nc6 4. c3 Nf6 5. d3 a6 6. Nc2 g6 7. h3 Bg7 8. Bf4 e5
9. Bh2 O-O 10. Be2 c4 11. O-O cxd3 12. Bxd3 b5 13. Ne3 Bb7 14. Nd5 Nxd5 15.
exd5 Ne7 16. c4 bxc4 17. Bxc4 Qa5 18. Rb1 Rac8 19. b4 Qb6 20. Qb3 Nf5 21. Rfd1
e4 22. g4 Ne7 23. Ng5 e3 24. Bg3 exf2+ 25. Bxf2 Qd8 26. Qd3 Bxd5 27. Bxd5 Nxd5
28. Qxd5 Rc2 29. Ne4 Be5 30. Rd2 Qc7 31. Rbd1 Rxd2 32. Qxd2 Rd8 33. Qd5 Qc2 34.
Bg3 Bxg3 35. Nxg3 Qc3 36. Ne4 Qe3+ 37. Kg2 Qe2+ 38. Nf2 Re8 39. Rd2 Qe1 40.
Qxd6 Qc1 41. Qd3 Qc6+ 42. Qd5 Qc1 43. a4 Qa3 44. Qd7 Qe3 45. Rd4 Re6 46. Qc8+
Kg7 47. Qc4 Rf6 48. Ne4 Qf3+ 49. Kh2 Qf4+ 50. Kg2 1/2-1/2

[Event "Toronto-ch seniors"]
[Site "Toronto CAN"]
[Date "2010.10.26"]
[Round "1"]
[White "Pancer, Jeff"]
[Black "Stein, Mickey"]
[Result "0-1"]
[WhiteElo "1233"]
[BlackElo "1993"]
[PlyCount "86"]
[EventDate "2010.10.26"]
[EventType "tourn"]
[EventRounds "7"]
[EventCountry "CAN"]

1. h3 c5 2. b3 d5 3. d3 Nc6 4. a3 e5 5. e3 Bd6 6. g3 Be6 7. Ne2 Nge7 8. Bb2 O-O
9. g4 Rc8 10. g5 d4 11. e4 f5 12. gxf6 Rxf6 13. Ng3 Ng6 14. Rh2 Nf4 15. Kd2 b5
16. Kc1 Ne7 17. Nd2 Qd7 18. h4 Kh8 19. h5 Ng8 20. Nf5 Bxf5 21. exf5 Rxf5 22.
Ne4 Rff8 23. Kb1 Rb8 24. Bc1 a5 25. Be2 a4 26. Bg4 Qe7 27. Bxf4 Rxf4 28. f3
axb3 29. cxb3 c4 30. Nxd6 Qxd6 31. b4 Nf6 32. h6 g6 33. Rd2 Rf8 34. Re2 Nd5 35.
Qc2 Nc3+ 36. Kb2 Nxe2 37. Qxe2 c3+ 38. Kc2 R4f7 39. Qd1 Ra7 40. Qc1 Qf6 41. Qe1
Qf4 42. Ra2 Rfa8 43. Kb3 Qf7+ 0-1

[Event "Toronto-ch seniors"]
[Site "Toronto CAN"]
[Date "2010.10.26"]
[Round "1"]
[White "Pussar, Antonio"]
[Black "Armstrong, Robert J"]
[Result "0-1"]
[WhiteElo "1226"]
[BlackElo "1831"]
[PlyCount "72"]
[EventDate "2010.10.26"]
[EventType "tourn"]
[EventRounds "7"]
[EventCountry "CAN"]

1. e4 g6 2. Nf3 Bg7 3. c3 d6 4. h3 Nf6 5. Bb5+ c6 6. Ba4 Nxe4 7. d3 Nf6 8. O-O
O-O 9. d4 b5 10. Bc2 Bb7 11. Be3 Qc7 12. Nbd2 Nbd7 13. Nh2 Nd5 14. Qe2 Nxe3 15.
fxe3 e5 16. Kh1 Rae8 17. Qf2 c5 18. e4 exd4 19. cxd4 Bxd4 20. Qf4 Bxb2 21. Rab1
Be5 22. Qh6 Bg7 23. Qh4 a6 24. Ng4 d5 25. Nf3 f6 26. Rbe1 dxe4 27. Nh6+ Bxh6
28. Qxh6 exf3 29. Rxe8 fxg2+ 30. Kg1 gxf1=Q+ 31. Kxf1 Rxe8 32. Bxg6 Re1+ 33.
Kf2 Qh2+ 34. Kxe1 Qg3+ 35. Kd2 Qxg6 36. Qe3 Qg5 0-1

[Event "Toronto-ch seniors"]
[Site "Toronto CAN"]
[Date "2010.12.07"]
[Round "2"]
[White "Armstrong, Robert J"]
[Black "Pancer, Jeff"]
[Result "1-0"]
[WhiteElo "1831"]
[BlackElo "1233"]
[PlyCount "57"]
[EventDate "2010.10.26"]
[EventType "tourn"]
[EventRounds "7"]
[EventCountry "CAN"]

1. d4 h6 2. c4 b6 3. e4 e6 4. Nc3 a6 5. Nf3 d6 6. Bd3 g6 7. O-O Bb7 8. Be3 g5
9. e5 g4 10. Ne1 h5 11. Qc2 Kd7 12. exd6 Bxd6 13. Be4 Bxe4 14. Qxe4 Ra7 15. Rd1
Kc8 16. c5 Nf6 17. Qc2 Bxh2+ 18. Kxh2 h4 19. Kg1 Rg8 20. cxb6 Rb7 21. d5 h3 22.
dxe6 Qe7 23. exf7 Qxf7 24. Qf5+ Nbd7 25. Rxd7 Qxd7 26. Qxf6 hxg2 27. Nxg2 g3
28. fxg3 Rxg3 29. Qh8+ 1-0

[Event "Toronto-ch seniors"]
[Site "Toronto CAN"]
[Date "2010.11.02"]
[Round "2"]
[White "Kormendi, Fred"]
[Black "Pussar, Antonio"]
[Result "1-0"]
[WhiteElo "1537"]
[BlackElo "1226"]
[PlyCount "65"]
[EventDate "2010.10.26"]
[EventType "tourn"]
[EventRounds "7"]
[EventCountry "CAN"]

1. d4 d5 2. e3 a6 3. c4 dxc4 4. Bxc4 Nf6 5. Nc3 c6 6. Nf3 Bf5 7. Qb3 e6 8. Qxb7
Nbd7 9. Qxc6 Bd6 10. Qxd6 Rc8 11. Qxa6 O-O 12. O-O h6 13. Bb3 Nh5 14. Bd1 Ra8
15. Qb5 Ra5 16. Qe2 Qf6 17. Ne5 Nxe5 18. dxe5 Qg6 19. Qxh5 Qxh5 20. Bxh5 Bd3
21. Be2 Bg6 22. f4 Kh7 23. Rd1 f6 24. exf6 Rxf6 25. a4 Bc2 26. Bd3+ Bxd3 27.
Rxd3 Rh5 28. Ne4 Rg6 29. b4 e5 30. Rd6 Rg4 31. Ng3 Rhh4 32. Rd7 exf4 33. exf4
1-0

[Event "Toronto-ch seniors"]
[Site "Toronto CAN"]
[Date "2010.11.02"]
[Round "2"]
[White "Stein, Mickey"]
[Black "Kornmann, Maxim"]
[Result "1/2-1/2"]
[WhiteElo "1993"]
[BlackElo "1746"]
[PlyCount "110"]
[EventDate "2010.10.26"]
[EventType "tourn"]
[EventRounds "7"]
[EventCountry "CAN"]

1. c4 e5 2. g3 Nf6 3. Bg2 Be7 4. Nc3 O-O 5. d3 Re8 6. a3 c6 7. Bg5 h6 8. Bxf6
Bxf6 9. e4 d6 10. Nge2 Bg4 11. h3 Bh5 12. g4 Bg6 13. O-O Bh7 14. Rb1 Nd7 15. b4
g6 16. b5 Bg7 17. Qc2 Nf8 18. bxc6 bxc6 19. Qa4 Qc7 20. Rb3 Ne6 21. Rb2 Nc5 22.
Qc2 Rab8 23. Rfb1 Rxb2 24. Rxb2 Rb8 25. Rxb8+ Qxb8 26. Na4 Nxa4 27. Qxa4 Qb1+
28. Bf1 Qxd3 29. Ng3 Qd4 30. Qxc6 Qc5 31. Qxc5 dxc5 32. Bd3 Kf8 33. Ne2 Ke8 34.
Nc3 Kd7 35. Nd5 Bg8 36. Kf1 Kd6 37. Nc3 a6 38. Ke2 f6 39. Kd2 Be6 40. Kc2 h5
41. f3 Bh6 42. Ne2 hxg4 43. fxg4 Bd7 44. Nc3 Bc6 45. Kb3 f5 46. Ne2 Bd2 47. Ng3
f4 48. Ne2 a5 49. Kc2 Be3 50. Kb3 Bf2 51. a4 g5 52. Nc3 Be1 53. Nb5+ Kd7 54.
Na3 Bb4 55. Nc2 Kc7 1/2-1/2